Statistics for Top 15 Celebrities Born In 1954

Click here to take the quiz!

General Stats

  • This quiz has been taken 101 times
  • The average score is 7 of 15

Answer Stats

Answer% Correct
Jackie Chan
88%
John Travolta
88%
Oprah Winfrey
76%
Angela Merkel
71%
Denzel Washington
71%
Jerry Seinfeld
42%
Howard Stern
41%
Annie Lennox
40%
Dennis Quaid
35%
James Cameron
33%
Elvis Costello
26%
Catherine O'Hara
24%
Matt Groening
18%
Katey Sagal
12%
David Newman
3%

Score Distribution

Percentile by Number Answered

Percent of People with Each Score

Your Score History

You have not taken this quiz